Sports Quiz

Random Sports or NFL Quiz

AFC West - 50+ single-season receptions (2000-15) Quiz Stats

 Plays Quiz not verified by Sporcle

Score 0/145 Timer 15:00
0 Plays Today
Receptions Player % Correct
2013Demaryius Thomas
97.3%
2014Demaryius Thomas
97.3%
2015Demaryius Thomas
97.3%
2012Demaryius Thomas
97.3%
2013Julius Thomas
96.9%
2005Antonio Gates
94.9%
2006Antonio Gates
94.9%
2007Antonio Gates
94.9%
2008Antonio Gates
94.9%
2009Antonio Gates
94.9%
2010Antonio Gates
94.9%
2011Antonio Gates
94.9%
2014Antonio Gates
94.9%
2015Antonio Gates
94.9%
2013Antonio Gates
94.9%
2004Antonio Gates
94.9%
2007Dwayne Bowe
91.2%
2008Dwayne Bowe
91.2%
2010Dwayne Bowe
91.2%
2011Dwayne Bowe
91.2%
2012Dwayne Bowe
91.2%
2013Dwayne Bowe
91.2%
2014Dwayne Bowe
91.2%
2000Tony Gonzalez
90.5%
2001Tony Gonzalez
90.5%
2004Tony Gonzalez
90.5%
2006Tony Gonzalez
90.5%
2007Tony Gonzalez
90.5%
2008Tony Gonzalez
90.5%
2002Tony Gonzalez
90.5%
2003Tony Gonzalez
90.5%
2005Tony Gonzalez
90.5%
2015Emmanuel Sanders
88.8%
2014Emmanuel Sanders
88.8%
2001Tim Brown
87.8%
2003Tim Brown
87.8%
2000Tim Brown
87.8%
2002Tim Brown
87.8%
2001Rod Smith
86.1%
2002Rod Smith
86.1%
2003Rod Smith
86.1%
2006Rod Smith
86.1%
2000Rod Smith
86.1%
2004Rod Smith
86.1%
2005Rod Smith
86.1%
2001Jerry Rice
84.1%
2002Jerry Rice
84.1%
2003Jerry Rice
84.1%
2009Vincent Jackson
83.4%
Receptions Player % Correct
2011Vincent Jackson
83.4%
2008Vincent Jackson
83.4%
2000Darrell Jackson
83.1%
2001Darrell Jackson
83.1%
2001LaDainian Tomlinson
82.7%
2002LaDainian Tomlinson
82.7%
2003LaDainian Tomlinson
82.7%
2006LaDainian Tomlinson
82.7%
2005LaDainian Tomlinson
82.7%
2007LaDainian Tomlinson
82.7%
2008LaDainian Tomlinson
82.7%
2004LaDainian Tomlinson
82.7%
2012Eric Decker
79%
2013Eric Decker
79%
2007Brandon Marshall
78.6%
2008Brandon Marshall
78.6%
2009Brandon Marshall
78.6%
2013Keenan Allen
77.6%
2014Keenan Allen
77.6%
2015Keenan Allen
77.6%
2014Travis Kelce
76.9%
2015Travis Kelce
76.9%
2015Jeremy Maclin
75.3%
2015Amari Cooper
74.6%
2013Jamaal Charles
72.9%
2001Priest Holmes
71.5%
2002Shannon Sharpe
71.5%
2002Priest Holmes
71.5%
2013Wes Welker
71.5%
2003Shannon Sharpe
71.5%
2003Priest Holmes
71.5%
2002Ed McCaffrey
70.8%
2000Ed McCaffrey
70.8%
2015Michael Crabtree
69.5%
2010Brandon Lloyd
67.8%
2000Freddie Jones
64.4%
2014James Jones
64.4%
2008Zach Miller
60.3%
2009Zach Miller
60.3%
2010Zach Miller
60.3%
2012Malcom Floyd
60.3%
2014Malcom Floyd
60.3%
2000Derrick Alexander
59.7%
2013Danny Woodhead
53.9%
2015Danny Woodhead
53.9%
2002Eddie Kennison
53.6%
2004Eddie Kennison
53.6%
2006Eddie Kennison
53.6%
2003Eddie Kennison
53.6%
Receptions Player % Correct
2005Eddie Kennison
53.6%
2004Jerry Porter
52.5%
2005Jerry Porter
52.5%
2011Ryan Mathews
52.5%
2002Jerry Porter
52.5%
2013Knowshon Moreno
51.2%
2005Randy Moss
47.8%
2006Javon Walker
47.8%
2008Eddie Royal
47.1%
2010Darren Sproles
47.1%
2010Eddie Royal
47.1%
2014Eddie Royal
47.1%
2001Charlie Garner
42.7%
2002Charlie Garner
42.7%
2011Darrius Heyward-Bey
37.6%
2003David Boston
37.3%
2012Denarius Moore
36.3%
2004Ashley Lelie
33.9%
2005Keenan McCardell
31.9%
2005LaMont Jordan
30.8%
2000Curtis Conway
30.5%
2001Curtis Conway
30.5%
2002Curtis Conway
30.5%
2013Rod Streater
28.1%
2000Jeff Graham
27.8%
2001Jeff Graham
27.8%
2012Jacob Tamme
26.1%
2011Mike Tolbert
25.8%
2000Ricky Watters
25.1%
2009Jabar Gaffney
24.7%
2014Mychal Rivera
24.7%
2010Jabar Gaffney
24.7%
2001Desmond Clark
24.4%
2003Johnnie Morton
23.7%
2004Johnnie Morton
23.7%
2004Ronald Curry
20.7%
2006Ronald Curry
20.7%
2007Ronald Curry
20.7%
2005Eric Parker
20.3%
2000Tony Richardson
19%
2012Brandon Myers
19%
2012Marcel Reece
18.6%
2002Tim Dwight
16.9%
2012Dexter McCluster
12.5%
2013Dexter McCluster
12.5%
2000Sean Dawkins
11.5%
2011Steve Breaston
9.2%

You're not logged in!

Compare scores with friends on all Sporcle quizzes.
OR
Log In

Sporcle TV

Today on Sporcle TV


Watch our educational content, quiz creation guides, and fun videos on Sporcle TV.

Show Comments

Extras

Top Quizzes Today


Score Distribution

Your Account Isn't Verified!

In order to create a playlist on Sporcle, you need to verify the email address you used during registration. Go to your Sporcle Settings to finish the process.

Report this User

Report this user for behavior that violates our Community Guidelines.

Details: